• 首页
  • 本馆介绍
  • 公告通知
  • 最新文献
  • 馆藏检索
  • 电子资源
  • 读者导购
  • 参考咨询
  • 我的图书馆
  • 登录
  • 详细信息显示
  • 放入我的书架
  • 预约/预借图书
  • 作者相关作品
  • 分类相关作品
  • 丛书相关作品
  • 出版社相关作品

书目信息

  • 表格格式
  • 工作单格式
  • 卡片格式
题名:
乳状液科学与技术基础
    
 
作者: 梁文平 著
分册:  
出版信息: 北京   科学出版社  2001
页数: 270
开本: 20cm
丛书名:
单 册:
中图分类: O648.2
科图分类:
主题词: 物理化学 , 量子化学
电子资源:
ISBN: 7-03-009422-0
000 00557nam0 2200193 450
001 0754114953
005 20070929150154.95
010    @a7-03-009422-0@b精装
100    @a20070929d km y0chiy0120 ea
101 0  @achi
200 1  @a乳状液科学与技术基础@Aru zhuang ye ke xue yu ji shu ji chu@f梁文平 著@Fliang wen ping zhu
210    @a北京@c科学出版社@d2001
215    @a270@c插图@d20cm
606 0  @a物理化学
606 0  @a量子化学
690    @aO648.2@v3
701  0 @a梁文平@Aliang wen ping@4著
801  0 @aCN@bPFT@c20070929
905    @a213230@dO648.2@eh42@f1
    
    乳状液科学与技术基础/梁文平 著.-北京:科学出版社,2001
    270:插图;20cm
    
    
    ISBN 7-03-009422-0(精装):
    
●
相关链接 在E读中查询图书 在五车中查询图书 在当当中查询图书 在豆瓣中查询图书


正题名:乳状液科学与技术基础     索取号:O648.2/h42         预约/预借

序号 登录号 条形码 馆藏地/架位号 状态 备注
1 6001348   260013489   密集书库-化学系/ [索取号:O648.2/h42] 在馆    
2 6001782   260017822   化学系资料室/ [索取号:O648.2/h42] 在馆    
唐山师范学院图书馆 欢迎您!
大连网信软件有限公司© 版权所有